000 00310nam a22001337a 4500
008 171020b xxu||||| |||| 00| 0 eng d
020 _a9780314629692
041 _aeng
080 _25 ED
_a.338
100 _a54
101 _aMEN
245 _aAN INTRODUCTION MANAGEMENT
_cANDERSON.D.R
942 _2udc
_cBK
999 _c35238
_d35238